header

What do we talk about when we talk? (Record no. 224922)

MARC details
000 -LEADER
fixed length control field 01423nam a2200361 a 4500
082 04 - DEWEY DECIMAL CLASSIFICATION NUMBER
Classification number 401
100 1# - MAIN ENTRY--AUTHOR NAME
Personal name Auwera, Johan van der.
245 10 - TITLE STATEMENT
Title What do we talk about when we talk?
260 ## - PUBLICATION, DISTRIBUTION, ETC. (IMPRINT)
Place of publication Amsterdam :
Name of publisher Benjamins,
Year of publication 1981.
300 ## - PHYSICAL DESCRIPTION
Number of Pages vi, 121 p. :
Other physical details ill.
490 1# - SERIES STATEMENT
Series statement Pragmatics & beyond,
650 #0 - SUBJECT ADDED ENTRY--TOPICAL TERM
Topical Term Language and languages
Topical Term Speculative grammar.
Topical Term Grammar, Comparative and general
Topical Term Logic.
856 40 - ELECTRONIC LOCATION AND ACCESS
Uniform Resource Identifier http://site.ebrary.com/lib/rucke/Doc?id=10517153

No items available.

© 2026 Rongo University
Contact us: librarian | system librarian | Rongo university